[Event "HCL-B3847"]
[Site "www.playchess.de"]
[Date "2006.01.28"]
[Round "11"]
[White "xmen"]
[Black "evets"]
[WhiteElo "1463"]
[BlackElo "1392"]
[PlyCount "40"]
[Result "0-1"]

1.e4 e6 2.Nf3 d5 3.e5 c5 4.c3 Qb6 5.d4 Nc6 6.b3 
Bd7 7.Be2 Rc8 8.O-O cxd4 9.cxd4 Nb4 10.Ng5 Nc2 
11.Bb2 Nxa1 12.Bxa1 Be7 13.Nxf7 Kxf7 14.Bh5+ g6 
15.Qf3+ Ke8 16.Bg4 Nh6 17.Bh3 Rf8 18.Qe3 Nf5 
19.Bxf5 Rxf5 20.Nd2 Bg5 0-1

[Event "HCL-C4070"]
[Site "www.playchess.de"]
[Date "2006.01.28"]
[Round "3"]
[White "edi"]
[Black "Talisman77"]
[WhiteElo "800"]
[BlackElo "1225"]
[PlyCount "65"]
[Result "1-0"]

1.e3 Nf6 2.d4 d5 3.Nc3 Nc6 4.Nf3 Bg4 5.h3 Bh5 
6.Bb5 Qd6 7.g4 Bg6 8.Ne5 Ne4 9.Nxe4 Bxe4 10.f3 Bg6 
11.Bd2 O-O-O 12.Nxc6 bxc6 13.Be2 e5 14.c3 e4 
15.Ba6+ Kd7 16.f4 f6 17.Qe2 h5 18.O-O-O Rb8 19.a3 
Be7 20.Rdf1 Rxb2 21.Kxb2 Rb8+ 22.Kc2 Qxa3 23.Bc1 
Qb3+ 24.Kd2 Qa2+ 25.Ke1 Qa4 26.Kf2 Rb6 27.gxh5 Bf5 
28.Bd2 Rxa6 29.Rfa1 Ba3 30.Bc1 Qb3 31.Qxa6 Qc2+ 
32.Qe2 Qxc3 33.Bxa3 1-0

[Event "HCL-B3836"]
[Site "www.playchess.de"]
[Date "2006.01.28"]
[Round "17"]
[White "ama49"]
[Black "Akkarin"]
[WhiteElo "1183"]
[BlackElo "1351"]
[PlyCount "66"]
[Result "1/2-1/2"]

1.e4 {Good luck}  d6 {Thanks. You too}  2.d4 Nf6 
3.Nc3 Nbd7 4.Nf3 e5 5.dxe5 dxe5 6.Bg5 Be7 7.Bb5 c6 
8.Ba4 O-O 9.O-O b5 10.Bb3 a5 11.a3 Ba6 12.Re1 Qc7 
13.h3 Bb7 14.Bxf6 Bxf6 15.Ne2 c5 16.c3 Bxe4 17.Ng3 
Bxf3 18.Qxf3 c4 19.Bc2 g6 20.Ne4 Bg7 21.Ng5 Nc5 
22.Ne4 Nxe4 23.Qxe4 Rad8 24.Rad1 Rxd1 25.Rxd1 Rd8 
26.Rxd8+ Qxd8 27.h4 h5 28.b3 Qd2 29.g4 hxg4 30.h5 
Qc1+ 31.Kg2 Qg5 32.hxg6 Qxg6 33.bxc4 Qxe4+ 
{(offering draw)}  1/2-1/2

[Event "HCL-E1563"]
[Site "www.playchess.de"]
[Date "2006.01.28"]
[Round "2"]
[White "SABU"]
[Black "magister32"]
[WhiteElo "2048"]
[BlackElo "2000"]
[PlyCount "21"]
[Result "1-0"]

1.e4 c6 {hi
}  2.d4 {Have a good game}  d5 3.exd5 cxd5 4.c4 
Nf6 5.Nc3 e6 6.Nf3 Nc6 7.Bg5 Be7 8.c5 b6 9.Bb5 Bd7 
10.Ne5 a6 11.Bxc6 1-0

[Event "HCL-C4016"]
[Site "www.playchess.de"]
[Date "2006.01.28"]
[Round "35"]
[White "Mercator"]
[Black "foxcar"]
[WhiteElo "1042"]
[BlackElo "1202"]
[PlyCount "49"]
[Result "1-0"]

1.d4 {Nice game to you!}  d5 {and to you also}  
2.c4 Bf5 3.Nf3 e6 4.Nc3 Bb4 5.Bf4 Bxc3+ 6.bxc3 
dxc4 7.Qa4+ Nc6 8.Qxc4 Nf6 9.e3 O-O 10.Bd3 Qd5 
11.Qxd5 Nxd5 12.Bg3 Rac8 13.e4 Bxe4 14.Bxe4 Nxc3 
15.Bxc6 bxc6 16.O-O Ne2+ 17.Kh1 f6 18.Rfe1 Nc3 
19.Rxe6 Rcb8 20.Rxc6 Ne4 21.Rxc7 Rf7 22.Rxf7 Kxf7 
23.Bxb8 Nxf2+ 24.Kg1 Nd3 25.Bxa7 1-0

[Event "HCL-C4043"]
[Site "www.playchess.de"]
[Date "2006.01.28"]
[Round "8"]
[White "Farquhart"]
[Black "valpa"]
[WhiteElo "504"]
[BlackElo "1106"]
[PlyCount "50"]
[Result "0-1"]

1.e4 d5 {Welcome to the new game. Merry 
Christmas!}  2.f3 dxe4 3.fxe4 e5 4.Nf3 Nf6 5.d3 
Be7 6.Nxe5 O-O 7.h4 Nfd7 8.Nxd7 Bxd7 9.Nc3 Re8 
10.a4 Bd6 11.Nd5 Bg3+ 12.Ke2 Bg4+ 13.Kd2 Bxd1 
14.Kxd1 c6 15.Bg5 Qd7 16.Rh3 Be5 17.Ra3 Bxb2 
18.Rb3 Be5 19.h5 cxd5 20.exd5 Qxd5 21.c4 Qd7 22.g3 
Nc6 23.Rh4 Bxg3 24.Rh3 Re1+ 25.Kd2 
Rxf1 0-1

[Event "HCL-A2523"]
[Site "www.playchess.de"]
[Date "2006.01.28"]
[Round "3"]
[White "SMA"]
[Black "schachsky"]
[WhiteElo "1005"]
[BlackElo "1141"]
[PlyCount "41"]
[Result "1-0"]

1.e4 e5 {Schönes Spiel zugewünscht!}  2.Nf3 d6 
3.Nc3 Bg4 4.d4 Nd7 5.Bb5 exd4 6.Qxd4 a6 7.Bxd7+ 
Qxd7 8.Be3 Bxf3 9.gxf3 c5 10.Qd2 g6 11.Nd5 Qc6 
12.Qa5 Rc8 13.Qc3 f6 14.Nxf6+ Kf7 15.Nxg8 Rxg8 
16.Qc4+ Kg7 17.O-O-O Be7 18.h4 b5 19.Qe6 Rcd8 
20.Qxe7+ Kh8 21.Qf6+ 1-0

[Event "HCL-E1531"]
[Site "www.playchess.de"]
[Date "2006.01.28"]
[Round "10"]
[White "jabbaman"]
[Black "Zafonic"]
[WhiteElo "1514"]
[BlackElo "1512"]
[PlyCount "52"]
[Result "0-1"]

1.e4 {good game!}  e6 {thanks, you too!}  2.f4 d5 
3.exd5 exd5 4.Nf3 f5 5.Bb5+ c6 6.Ba4 Bd6 7.d4 
{Happy New year!}  Nf6 {Thanks. Good New Year to 
yoo too...}  8.c3 O-O 9.O-O Ne4 10.Ne5 Be6 11.Nd2 
Nd7 12.Bc2 Ndf6 13.Bxe4 dxe4 14.h3 Qc7 15.g4 fxg4 
16.hxg4 Bxe5 17.fxe5 e3 18.Nf3 {great move!}  Nxg4 
19.Ng5 Bc4 {thanks... good that you saw the trap!} 
 20.Rxf8+ {As far as I can see I'm still trapped!} 
 Rxf8 21.Qxg4 {I rwealize what happens  now - you 
earned it!}  Rf1+ 22.Kh2 e2 23.Bd2 {not much left 
- but you still have to earn it! It's been fun}  
Rxa1 24.Qe4 g6 25.b3 {I've even run out of bad 
moves!}  Rd1 26.Nf3 Bd5 0-1

[Event "HCL-A2529"]
[Site "www.playchess.de"]
[Date "2006.01.28"]
[Round "10"]
[White "taroak"]
[Black "CYTO"]
[WhiteElo "1458"]
[BlackElo "1307"]
[PlyCount "63"]
[Result "1-0"]

1.c4 c5 2.g3 Nf6 3.Bg2 d6 4.d3 g6 5.Nc3 Bg7 6.e4 
Ng4 7.h3 Bxc3+ 8.bxc3 Ne5 9.Ne2 Be6 10.O-O O-O 
11.f4 Ned7 12.f5 Bxf5 13.exf5 Qc7 14.Bh6 Re8 
15.Nf4 Nf6 16.Rb1 Nc6 17.Qe2 b6 18.fxg6 fxg6 
19.Qe6+ Kh8 20.Nxg6+ hxg6 21.Qf7 Nh5 22.g4 Reg8 
23.Rbe1 Raf8 24.Qxf8 Rxf8 25.Rxf8+ Kh7 26.Bg5 Ng7 
27.Bxc6 Qxc6 28.Rxe7 d5 29.Rff7 Qd6 30.Rfxg7+ Kh8 
31.Rgh7+ Kg8 32.Reg7+ 1-0

[Event "HCL-B3828"]
[Site "www.playchess.de"]
[Date "2006.01.28"]
[Round "6"]
[White "Bob-O"]
[Black "nichju"]
[WhiteElo "1216"]
[BlackElo "946"]
[PlyCount "81"]
[Result "1-0"]

1.e4 {Hello and good luck to you....}  e5 {Hi, 
nice to meet you}  2.Nf3 Nc6 3.d4 exd4 4.Nxd4 Bc5 
5.Be3 Nf6 6.Nxc6 dxc6 7.Qxd8+ Kxd8 8.Bxc5 Nxe4 
9.Bb4 Re8 10.Be2 Bf5 11.Nc3 Re6 12.O-O-O+ Ke8 
13.Rhf1 Nxc3 14.Bxc3 f6 15.Rfe1 Be4 16.Bc4 Re7 
17.Bb4 Re5 18.f3 Bf5 19.Rxe5+ fxe5 20.Re1 Kd7 
21.Rxe5 Bg6 22.Re7+ Kd8 23.Rxg7 Bf5 24.Rg8+ Kd7 
25.Rxa8 b5 26.Bd3 Bxd3 27.cxd3 a6 28.Rh8 a5 29.Bc5 
b4 30.Rxh7+ Kc8 31.g4 a4 32.g5 b3 33.axb3 axb3 
34.g6 Kb7 35.g7 Ka6 36.g8Q Kb5 37.Qc4+ Ka5 38.Qb4+ 
Ka6 39.Qa4+ Kb7 40.Qa7+ Kc8 41.Qxc7+ {Good Game - 
Thanks for the game}  1-0

[Event "HCL-C4113"]
[Site "www.playchess.de"]
[Date "2006.01.28"]
[Round "5"]
[White "Skipper_Robert"]
[Black "Littlearza"]
[WhiteElo "1016"]
[BlackElo "1584"]
[PlyCount "64"]
[Result "0-1"]

1.d4 d5 2.Nc3 e6 3.e4 dxe4 4.Nxe4 Nf6 5.Bd3 Nc6 
6.c3 a6 7.Nf3 h6 8.a3 Bd6 9.Be3 e5 10.Qb3 b5 
11.O-O exd4 12.cxd4 Ng4 13.g3 Be6 14.d5 Na5 15.Qa2 
Bf5 16.Bd2 Bxe4 17.Bxe4 Nc4 18.Bc3 O-O 19.b3 Nce5 
20.h3 Nxf3+ 21.Bxf3 Ne5 22.Rfe1 Nxf3+ 23.Kg2 Nxe1+ 
24.Rxe1 Qg5 25.Qe2 Rae8 26.Qd3 Rxe1 27.g4 Rfe8 
28.Qd4 Be5 29.Qc5 Bxc3 30.Qxc3 Qxd5+ 31.Kg3 Rg1+ 
32.Kf4 Qe4+ 0-1

[Event "HCL-E1509"]
[Site "www.playchess.de"]
[Date "2006.01.28"]
[Round "9"]
[White "BohdanL"]
[Black "PLAYCHESS1963"]
[WhiteElo "1499"]
[BlackElo "1759"]
[PlyCount "72"]
[Result "0-1"]

1.Nf3 {Hi, have a good tournament}  Nf6 {you too}  
2.c4 e6 3.g3 d5 4.d4 dxc4 5.Qa4+ Bd7 6.Qxc4 Be7 
7.Bg2 O-O 8.O-O Bc6 9.Nc3 Nbd7 10.Rd1 Nb6 11.Qd3 
Nbd5 12.Ne5 Be8 13.a3 c6 14.e4 Nxc3 15.bxc3 Nd7 
16.Ng4 Qc7 17.e5 f5 18.exf6 Bxf6 19.Nxf6+ Nxf6 
20.Bf4 Qe7 21.Bg5 Bg6 22.Qd2 Qf7 23.Bxf6 Qxf6 
24.f4 Rad8 25.Qb2 Rf7 26.a4 Qe7 27.Rdb1 Bxb1 
28.Rxb1 Qc7 29.Qb3 Re8 30.Bf3 Kh8 31.Bh5 g6 32.Bg4 
Rfe7 33.Re1 Qd6 34.c4 Qxd4+ 35.Kf1 e5 36.fxe5 
Qxg4 0-1

[Event "HCL-A2409"]
[Site "www.playchess.de"]
[Date "2006.01.28"]
[Round "3"]
[White "icc17103"]
[Black "tiit145"]
[WhiteElo "1588"]
[BlackElo "1599"]
[PlyCount "64"]
[Result "0-1"]

1.Nf3 c6 2.d4 Nf6 3.c4 d5 4.e3 e6 5.Nc3 Bb4 6.Bd2 
O-O 7.Bd3 Nbd7 8.O-O Bd6 9.c5 Bb8 10.Qc2 e5 
11.dxe5 Nxe5 12.Nxe5 Bxe5 13.f4 Bb8 14.Ne2 Bc7 
15.Bc3 Re8 16.Bd4 h6 17.Rad1 Kf8 18.Ng3 Bg4 
19.Rde1 Ba5 20.Rec1 Kg8 21.a3 Kf8 22.Bf5 g6 
23.Bxf6 Qxf6 24.Bxg4 h5 25.Be2 Rxe3 26.f5 Qg5 
27.fxg6 Re7 28.Bxh5 f6 29.Rxf6+ Qxf6 30.Rf1 Re1 
31.Rxe1 Bxe1 32.Nf5 Kg8 0-1

[Event "ACL-M065"]
[Site "www.playchess.de"]
[Date "2006.01.28"]
[Round "9"]
[White "Apollo"]
[Black "Goofy"]
[WhiteElo "2131"]
[BlackElo "1932"]
[PlyCount "131"]
[Result "1-0"]

1.e4 {We meet again. Good luck.}  e6 {Hi again, 
same to you! ;o))}  2.d4 d5 3.Nc3 Bb4 4.e5 c5 5.a3 
Bxc3+ 6.bxc3 Qc7 7.Nf3 Nc6 8.Bd3 Bd7 9.O-O c4 
10.Be2 f6 11.Bf4 Qa5 12.Qd2 O-O-O 13.exf6 gxf6 
14.Rfb1 Nge7 15.Bf1 Rhg8 16.a4 Nf5 17.h3 Nce7 
18.Bh2 Ng6 19.Rb4 Rg7 20.Rab1 b6 21.Be2 Rdg8 
22.Kh1 Kd8 23.Ne1 Ke7 24.Bh5 Nd6 25.Bxd6+ Kxd6 
26.Nf3 Ke7 27.Nh2 Nh4 28.Qh6 Nf5 29.Qf4 R7g5 
30.Bf3 Nd6 31.Ng4 Rf5 32.Qh6 Nf7 33.Qh4 Rfg5 
34.Ne3 Kf8 35.Qf4 e5 36.dxe5 fxe5 37.Qh4 e4 38.Bh5 
Qc5 39.Rd1 Be6 40.Bxf7 Kxf7 41.Rb5 Qc6 42.Rd4 a6 
43.Rb1 h6 44.Qxh6 R8g6 45.Qh7+ R6g7 46.Qh8 R7g8 
47.Qh4 R8g6 48.f4 exf3 49.Rf4+ Kg8 50.Rxf3 Qc5 
51.Re1 Qc7 52.Ng4 Qg7 53.Rf4 Bd7 54.Qxg5 Rxg5 
55.Nf6+ Qxf6 56.Rxf6 Bxa4 57.Rxb6 Bxc2 58.Re7 Kh8 
59.Rxa6 Be4 60.Ra8+ Rg8 61.Rxg8+ Kxg8 62.Rxe4 dxe4 
63.Kh2 Kf7 64.Kg3 Ke6 65.Kf4 Kd5 
66.g4 1-0

[Event "HCL-A2465"]
[Site "www.playchess.de"]
[Date "2006.01.29"]
[Round "19"]
[White "Mater"]
[Black "Spotsychess"]
[WhiteElo "1394"]
[BlackElo "1548"]
[PlyCount "121"]
[Result "1/2-1/2"]

1.e4 e6 2.e5 b6 3.d4 Bb7 4.c3 g6 5.Bb5 Bg7 6.Nf3 
Ne7 7.O-O O-O 8.Bg5 h6 9.Bh4 a6 10.Ba4 b5 11.Bb3 
d5 12.h3 Qd7 13.Nbd2 Nf5 14.a3 Nc6 15.Bc2 Nxh4 
16.Nxh4 Ne7 17.Nhf3 Rac8 18.b4 Qc6 19.Nb1 f5 20.a4 
Qb6 21.axb5 axb5 22.Ra5 c6 23.Qd2 Rca8 24.Rxa8 
Rxa8 25.Bd3 Kf7 26.Qb2 g5 27.Nbd2 Ng6 28.Ra1 Nf4 
29.Bf1 Ra6 30.Rxa6 Qxa6 31.g3 Ng6 32.Qc1 Bf8 
33.Nb3 f4 34.gxf4 Nxf4 35.h4 Be7 36.Qb1 Kg7 
37.hxg5 hxg5 38.Nc5 Qa8 39.Kh2 Qh8+ 40.Kg3 Bxc5 
41.bxc5 Qf8 42.Nxg5 Kh6 43.Kg4 Qg7 44.Kxf4 Qxg5+ 
45.Kf3 Qh4 46.Qc1+ Kg7 47.Ke2 Qh5+ 48.f3 Qh2+ 
49.Kd1 Qh1 50.Kc2 Qxf3 51.Qg5+ Kf7 52.Bd3 Ke8 
53.Qg6+ Qf7 54.Qg5 Kd7 55.Bg6 Qe7 56.Qf6 Bc8 
57.Qxe7+ Kxe7 58.Kb3 Kd7 59.Kb4 Kd8 60.Ka5 Kc7 
61.Bf7 {(offering draw)}  1/2-1/2

[Event "HCL-B3814"]
[Site "www.playchess.de"]
[Date "2006.01.29"]
[Round "2"]
[White "gridguy"]
[Black "adelar"]
[WhiteElo "1684"]
[BlackElo "1200"]
[PlyCount "77"]
[Result "1-0"]

1.d4 {Hi from Seattle ... good luck!}  d5 2.c4 c6 
3.Nf3 g6 4.Nc3 Bg7 5.Bf4 Bg4 6.e3 Nf6 7.h3 Bf5 
8.Be5 Nbd7 9.cxd5 Nxe5 10.Nxe5 Nxd5 11.Nxd5 cxd5 
12.Qa4+ Kf8 13.Rc1 Bxe5 14.dxe5 Kg7 15.Be2 a6 
16.Qd4 b5 17.g4 Be6 18.a3 Qa5+ 19.Kf1 Rhc8 20.Kg2 
Rc7 21.Rc5 Rac8 22.Rhc1 R7xc5 23.Rxc5 Rxc5 24.Qxc5 
Qd8 25.f4 f5 26.exf6+ Kxf6 27.Qc3+ Kf7 28.Bd3 Bd7 
29.Kg3 e6 30.g5 Kg8 31.Kg4 Qe7 32.Qe5 Qf8 33.h4 
Qd8 34.h5 Qe7 35.hxg6 hxg6 36.Bxg6 Be8 37.Bxe8 
Qxe8 38.Qf6 Qd7 39.g6 1-0

[Event "HCL-E1479"]
[Site "www.playchess.de"]
[Date "2006.01.29"]
[Round "18"]
[White "SSOF"]
[Black "pruliere"]
[WhiteElo "1893"]
[BlackElo "1818"]
[PlyCount "70"]
[Result "1/2-1/2"]

1.e4 {hi, nice to meet you}  c5 {good luck}  2.c3 
Nf6 3.e5 Nd5 4.d4 cxd4 5.Nf3 e6 6.cxd4 Nc6 7.a3 d6 
8.Bd3 dxe5 9.dxe5 Qc7 10.O-O Nxe5 11.Nxe5 Qxe5 
12.Re1 Qd6 13.Nd2 Bd7 14.Nc4 Qc7 15.Bg5 Nf4 16.Ne5 
Nxd3 17.Qxd3 f6 18.Nxd7 Qxd7 {I wish you a very 
good year....}  19.Qxd7+ {All my best wishes to 
you}  Kxd7 20.Rad1+ Bd6 21.Bf4 e5 22.Be3 Rhd8 
23.f4 Kc6 24.fxe5 Bxe5 25.Rdc1+ Kb5 26.Rc5+ Ka6 
27.b4 b6 28.Rc4 Rac8 29.Rxc8 Rxc8 30.a4 Rc2 31.Rd1 
Rc7 32.Bf2 Rc4 33.Be1 b5 34.a5 Kb7 35.Rd7+ Rc7 
{(offering draw) Hello SSOF..I propose a draw...I 
know I am a pawn up but I don't see a clear way to 
take advantage of it!
it is up to you now...anyway I enjoyed the 
game
Gerard}  1/2-1/2

[Event "HCL-B3809"]
[Site "www.playchess.de"]
[Date "2006.01.29"]
[Round "4"]
[White "simple"]
[Black "WStanEvans"]
[WhiteElo "771"]
[BlackElo "1200"]
[PlyCount "74"]
[Result "0-1"]

1.e4 e5 {Greetings!}  2.d4 exd4 3.Qxd4 Nc6 4.Qd1 
Nf6 5.Nc3 Bb4 6.a3 Bxc3+ 7.bxc3 Nxe4 8.Bd3 Nxc3 
9.Qd2 Qe7+ 10.Ne2 Nxe2 11.Qxe2 Qxe2+ 12.Bxe2 d5 
13.Bb2 O-O 14.O-O-O Be6 15.Rhe1 Rad8 16.Bf3 Rd7 
17.Re3 Rfd8 18.Red3 Ne7 19.Be5 c5 20.c4 d4 21.Be4 
Bxc4 22.Rg3 Ng6 23.h4 Nxe5 24.Rxg7+ Kxg7 25.h5 {I 
don't know what I was thinking on move 24. Ugh!}  
d3 26.Kd2 Ng4 27.Bf5 Be6 28.Bxe6 fxe6 29.f3 Nf6 
30.g4 c4 31.g5 Nxh5 32.Re1 Kf7 33.Re5 R7d5 34.Re1 
e5 35.Re4 c3+ 36.Kxc3 d2 37.Kc4 
d1Q 0-1

[Event "HCL-C3982"]
[Site "www.playchess.de"]
[Date "2006.01.29"]
[Round "16"]
[White "moggo"]
[Black "JerryReneau"]
[WhiteElo "924"]
[BlackElo "1117"]
[PlyCount "46"]
[Result "0-1"]

1.d4 d5 2.c3 Nc6 3.Qa4 Bd7 4.Qb5 Bc8 5.Nf3 a6 
6.Qc5 e6 7.Qxf8+ Kxf8 8.b4 Nf6 9.Bg5 h6 10.Bxf6 
Qxf6 11.h4 Ke7 12.g3 e5 13.a4 exd4 14.b5 Ne5 
15.cxd4 Nxf3+ 16.exf3 Qxd4 17.Ra2 Qb4+ 18.Nd2 Re8 
19.Kd1 Kf8 20.Rb2 Qxb2 21.f4 Bf5 22.Be2 Qa1+ 
23.Nb1 Qxb1+ 0-1

[Event "HCL-C4086"]
[Site "www.playchess.de"]
[Date "2006.01.29"]
[Round "8"]
[White "schach123matt"]
[Black "Sinned"]
[WhiteElo "800"]
[BlackElo "800"]
[PlyCount "79"]
[Result "1-0"]

1.e4 Nf6 2.e5 Nc6 3.exf6 exf6 4.Nf3 Bb4 5.c3 Bd6 
6.Bb5 Qe7+ 7.Qe2 b6 8.Qxe7+ Kxe7 9.O-O Na5 10.d4 
Bb7 11.Nbd2 Bc6 12.Bxc6 Nxc6 13.b4 Kd8 14.Nc4 Re8 
15.Nxd6 cxd6 16.Re1 Ne7 17.a4 Rc8 18.Bb2 a5 19.b5 
d5 20.Nh4 Rc6 21.bxc6 dxc6 22.Ba3 c5 23.dxc5 bxc5 
24.Bxc5 Ng8 25.Rxe8+ Kxe8 26.Nf5 Nh6 27.Nxh6 gxh6 
28.Bb6 Kd7 29.Bxa5 Kc6 30.Rb1 Kc5 31.Bd8 Kc4 32.a5 
Kxc3 33.a6 Kc2 34.Rb6 d4 35.a7 d3 36.a8Q d2 
37.Qc8+ Kd3 38.Rd6+ Ke2 39.Qc2 Ke1 
40.Qxd2+ 1-0

[Event "HCL-A2564"]
[Site "www.playchess.de"]
[Date "2006.01.29"]
[Round "16"]
[White "froilo"]
[Black "cabe"]
[WhiteElo "1414"]
[BlackElo "1438"]
[PlyCount "31"]
[Result "1-0"]

1.Nf3 b6 2.b3 e6 3.Bb2 Nf6 4.d3 Be7 5.Nbd2 O-O 
6.e4 Bb7 7.Be2 Nc6 8.O-O d5 9.h3 dxe4 10.Nxe4 Nxe4 
11.dxe4 Bc5 12.c4 Qe7 13.Qc2 Rad8 14.Bd3 Nb4 
15.Qc3 Nxd3 16.Qxg7+ 1-0

[Event "ACL-A651"]
[Site "www.playchess.de"]
[Date "2006.01.29"]
[Round "7"]
[White "WPrimo"]
[Black "timewizard6969"]
[WhiteElo "1500"]
[BlackElo "1900"]
[PlyCount "43"]
[Result "1-0"]

1.e4 a5 2.Nf3 d6 3.d4 b6 4.Bb5+ c6 5.Bc4 Bg4 6.h3 
b5 7.Be2 Be6 8.b3 a4 9.b4 Na6 10.a3 Bc4 11.Nbd2 e5 
12.Nxc4 Qc7 13.Na5 O-O-O 14.d5 f6 15.Nxc6 Re8 
16.Bxb5 Nb8 17.Nxb8 Qc3+ 18.Bd2 Qb2 19.Bxe8 Kxb8 
20.Qb1 Qxb1+ 21.Rxb1 Ne7 22.c4 1-0

[Event "ACL-A659"]
[Site "www.playchess.de"]
[Date "2006.01.29"]
[Round "2"]
[White "M_L"]
[Black "PhilipKaveny"]
[WhiteElo "1877"]
[BlackElo "1500"]
[PlyCount "35"]
[Result "1-0"]

1.e4 {Good game to you sir!}  g6 {You also I will 
try to give you a good fight}  2.d4 {Good, sounds 
good :)}  Bg7 3.Nc3 d6 4.Nf3 Nf6 {It is a honnor 
to play you :) I am not kidding Finns should be 
proud of their History}  5.Be2 {That is nice to 
hear, yes it could have been easier for us, I am 
most of all grateful for what is the situation now 
and why...Gotta say, lot of good things has come 
from USA, your country is welthy in many 
ways..Will visit there someday for sure =)}  O-O 
{And I hope to Visit Finland}  6.O-O {Welcome =)}  
Nc6 7.d5 Ne5 8.Nxe5 dxe5 9.Bg5 a6 10.Qd3 e6 11.f4 
exd5 12.fxe5 dxe4 13.Qxd8 Rxd8 14.exf6 Bf8 15.Nxe4 
Bf5 16.Ng3 Bc5+ 17.Kh1 Be6 18.Rad1 1-0

[Event "HCL-C4088"]
[Site "www.playchess.de"]
[Date "2006.01.29"]
[Round "4"]
[White "Farquhart"]
[Black "Ulpe"]
[WhiteElo "615"]
[BlackElo "1494"]
[PlyCount "20"]
[Result "0-1"]

1.e4 c5 2.d4 cxd4 3.Qxd4 Nc6 4.Qc4 Nf6 5.Bg5 d5 
6.Qe2 Nxe4 7.Nf3 Nxg5 8.Qe3 Nxf3+ 9.Qxf3 e5 10.Nc3 
Be6 0-1

[Event "HCL-A2581"]
[Site "www.playchess.de"]
[Date "2006.01.29"]
[Round "8"]
[White "wbaldan"]
[Black "gridguy"]
[WhiteElo "1344"]
[BlackElo "1716"]
[PlyCount "29"]
[Result "1-0"]

1.e4 c5 2.Nf3 d6 3.d4 cxd4 4.Nxd4 Nf6 5.Nc3 a6 
6.Bg5 e6 7.f4 Be7 8.Qf3 O-O 9.O-O-O Nc6 10.Nxc6 
bxc6 11.Bxf6 Bxf6 12.e5 Bh4 13.Rxd6 Qa5 14.Qxc6 
Be1 15.Qxa8 1-0

[Event "HCL-A2546"]
[Site "www.playchess.de"]
[Date "2006.01.29"]
[Round "6"]
[White "stevetilbury"]
[Black "mrchess"]
[WhiteElo "1550"]
[BlackElo "1489"]
[PlyCount "90"]
[Result "1/2-1/2"]

1.d4 d5 2.c4 c6 3.Nc3 Nf6 4.Nf3 e6 5.e3 Bb4 6.Bd3 
Nbd7 7.O-O a6 8.cxd5 cxd5 9.Bd2 O-O 10.Qe2 b5 
11.a3 Ba5 12.b4 Bc7 13.Rac1 Nb6 14.e4 Nc4 15.Bxc4 
dxc4 16.Bg5 h6 17.Bh4 g5 18.Bg3 Bxg3 19.hxg3 Kg7 
20.Rfd1 Ne8 21.d5 Qb6 22.Qd2 Nf6 23.Nxg5 Ng4 
24.Nf3 Rd8 25.Qd4+ Qxd4 26.Nxd4 Ne5 27.Rc2 Nd3 
28.Nc6 Rd7 29.a4 Bb7 30.axb5 axb5 31.Nxb5 exd5 
32.exd5 Rxd5 33.Nc7 Bxc6 34.Nxa8 Bxa8 35.Ra1 Rd8 
36.Rxc4 Ne5 37.Rc7 Kf6 38.b5 Rb8 39.Rca7 Be4 
40.R1a6+ Kg7 41.b6 Bb7 42.R6a1 Nd7 43.Rc1 Nxb6 
44.Rc7 Bd5 45.f3 Nc8 {(offering draw)} 
 1/2-1/2

[Event "HCL-A2475"]
[Site "www.playchess.de"]
[Date "2006.01.29"]
[Round "15"]
[White "Matu"]
[Black "saemi"]
[WhiteElo "1498"]
[BlackElo "1630"]
[PlyCount "74"]
[Result "1/2-1/2"]

1.Nf3 Nf6 {Hello from Iceland}  2.b3 d5 3.Bb2 e6 
4.g3 g6 5.Bg2 Bg7 6.O-O O-O 7.e3 c5 8.d4 b6 9.Nbd2 
Nc6 10.a3 Bb7 11.c4 Rc8 12.Rc1 Re8 13.Ne5 Nxe5 
14.dxe5 Nd7 15.f4 f6 16.exf6 Bxf6 17.Bxf6 Qxf6 
18.e4 Qd4+ 19.Kh1 dxe4 20.Qc2 Nf6 21.Rcd1 Ng4 
22.Nxe4 Bxe4 23.Bxe4 Ne3 24.Rxd4 Nxc2 25.Rd7 Ne3 
26.Re1 Nf5 27.Rxa7 Nd4 28.Rb1 Ne2 29.Bd3 Nd4 30.b4 
Rca8 31.Rxa8 Rxa8 32.bxc5 bxc5 33.Rb2 Rxa3 34.Be2 
Rc3 35.Kg2 Nxe2 36.Rxe2 Kf7 37.Re4 Kf6 {(offering 
draw)}  1/2-1/2

[Event "HCL-C4056"]
[Site "www.playchess.de"]
[Date "2006.01.29"]
[Round "8"]
[White "Prab"]
[Black "RUDI"]
[WhiteElo "800"]
[BlackElo "1254"]
[PlyCount "26"]
[Result "0-1"]

1.Nf3 d5 {hi!}  2.d4 Nc6 3.e3 Bg4 4.Be2 e6 5.O-O 
Bd6 6.Nc3 Nf6 7.Na4 O-O 8.b3 Ne4 9.c4 dxc4 10.bxc4 
f5 11.Ng5 Bxe2 12.Qxe2 Nxg5 13.Qb2 
b6 0-1

[Event "HCL-B3765"]
[Site "www.playchess.de"]
[Date "2006.01.29"]
[Round "15"]
[White "newplayer"]
[Black "wshlj3"]
[WhiteElo "1108"]
[BlackElo "1204"]
[PlyCount "112"]
[Result "1/2-1/2"]

1.e4 e5 2.d4 Nc6 3.d5 Nce7 4.c4 Nf6 5.f3 Ng6 6.Bg5 
Be7 7.Bxf6 Bxf6 8.Nc3 d6 9.Nb5 O-O 10.Qb3 a6 
11.Nc3 Bg5 12.g3 f5 13.Bd3 {hi in what country are 
you}  Bh6 {Hello.I'm from China.}  14.exf5 
{mainchina??
 i wish you the best  and a good game}  Bxf5 
{Yes&#65292;in mainland.Wish you good luck too.}  
15.Bxf5 {thanks}  Rxf5 16.Qxb7 Rb8 17.Qxa6 {what 
is your time here is it 10am
sunny and warm 28 degrees}  Rxb2 {It's 3pm.What 
lovely weather you'are having :)It's cloudy and 
rather cold here,about 0 degree.}  18.Qa3 {wou 
only 5 hours ahead  yes is summertime and nice oh 
sorry forgot my name is uwe}  Bd2+ {It seems that 
I don‘t need to get up in the middlenight to watch 
the World Cup in 2010:).My English
name is Michael.}  19.Kd1 {nice to meet you 
michael yes i will go to the games here in 
bloemfontein
maybe china is playing  here}  Bxc3 {Thank you.I 
hope so,although it's very hard  also wish South 
Africa good luck:)}  20.Qxc3 {in 2010  we are at 
least in the first round in action after that very 
hard}  Rb6 {I'll be very pleased if they can kick 
in a goal.Last time we only got a chance hitting 
the goalpost when against Brazil :)}  21.a4 {china 
won or lose the game??}  Qe8 22.a5 Ra6 23.Qc2 Qf8 
24.Qb3 e4 25.Qb7 Ra8 26.f4 Rb8 27.Qxc7 Rc8 28.Qb7 
Rxc4 29.a6 Rc8 30.a7 Ra8 31.Ne2 Rf7 32.Qb6 Rd7 
33.Nd4 Ne7 34.Ne6 Qe8 35.Nc7 Nxd5 36.Nxd5 Qh5+ 
37.Kd2 Qxd5+ 38.Ke3 Re7 39.Rhd1 Qc5+ 40.Qxc5 dxc5 
41.Rdb1 Rexa7 42.Rxa7 Rxa7 43.Kxe4 Re7+ 44.Kd5 Re2 
45.h4 Re3 46.g4 Rg3 47.g5 Rg4 48.Kxc5 Rxf4 49.Rh1 
Kf7 50.Kd5 Kg6 51.Ke5 Rg4 52.Ke6 {(offering draw)} 
 Kh5 53.Kf7 g6 54.Kg7 Rxh4 55.Rxh4+ Kxh4 56.Kh6 
Kg4 {(offering draw)}  1/2-1/2

[Event "HCL-A2462"]
[Site "www.playchess.de"]
[Date "2006.01.29"]
[Round "4"]
[White "kan_selv"]
[Black "saemi"]
[WhiteElo "1600"]
[BlackElo "1621"]
[PlyCount "79"]
[Result "1-0"]

1.e4 e5 {Hello from Iceland}  2.Nf3 Nc6 3.Bb5 a6 
4.Ba4 Nf6 5.O-O Be7 6.Nc3 b5 7.Bb3 d6 8.d3 Na5 
9.Bd2 Nxb3 10.axb3 Bb7 11.b4 O-O 12.Re1 Rc8 13.Ne2 
c5 14.bxc5 dxc5 15.Nxe5 Bd6 16.Nf3 Re8 17.Ng3 Ng4 
18.Nf5 g6 19.Nxd6 Qxd6 20.Qc1 c4 21.Bf4 Qc5 22.Qd2 
c3 23.bxc3 Qxc3 24.Qxc3 Rxc3 25.h3 Nxf2 26.Kxf2 
Rxc2+ 27.Re2 Rc3 28.Rd2 b4 29.Ra4 b3 30.Rb4 Ba8 
31.Nd4 a5 32.Rxb3 Rxb3 33.Nxb3 a4 34.Nd4 f5 
35.exf5 Rf8 36.Ra2 Rd8 37.Rxa4 gxf5 38.Nxf5 Bc6 
39.Ne7+ Kf7 40.Nxc6 1-0

[Event "HCL-E1544"]
[Site "www.playchess.de"]
[Date "2006.01.29"]
[Round "6"]
[White "hal1958"]
[Black "Matu"]
[WhiteElo "1444"]
[BlackElo "1494"]
[PlyCount "100"]
[Result "0-1"]

1.b4 {welcome to our 2 games}  Nf6 {hello and good 
luck}  2.Bb2 e6 3.a3 c5 4.b5 b6 5.c4 Bb7 6.e3 d5 
7.Nf3 Nbd7 8.Be2 g6 9.d3 Bg7 10.O-O O-O 11.Nbd2 
Qc7 12.a4 Rfd8 13.h3 dxc4 14.dxc4 Ne4 15.Bxg7 Kxg7 
16.Nxe4 Bxe4 17.Nd2 Bb7 18.Bf3 Bxf3 19.Qxf3 Ne5 
20.Qe2 Rd7 21.Nf3 Nxf3+ 22.Qxf3 Rad8 23.Rfd1 
{(offering draw)}  R7d2 24.Rxd2 Rxd2 25.Kf1 Qd7 
26.Ke1 Rc2 27.Rd1 Qc7 28.Qe4 Ra2 29.g3 Rxa4 30.Qc2 
Rb4 31.Ke2 Qe5 32.Rb1 Rxb1 33.Qxb1 Qc3 34.Qa2 h5 
35.Kf3 Qd3 36.Qe2 Qxe2+ 37.Kxe2 Kf6 38.f4 e5 
39.Kf3 Ke6 40.g4 hxg4+ 41.hxg4 f5 42.g5 Kd6 43.Ke2 
exf4 44.exf4 Kc7 45.Kd3 Kb7 46.Kc3 a6 47.Kb3 axb5 
48.cxb5 Kc7 49.Kc3 Kd6 50.Kc4 Ke6 0-1